000 00688nam a2200205Ia 4500
001 1137
003 GE_BSU
008 181216s||||||||xx |||||||||||||| ||und||
040 _cGE_BSU
080 _a631.3
100 _aღუდუშაური, ა.
245 _aმანქანების საიმედოობა და რემონტი.
245 _bდამხმარე სახელმძღვანელო სა. აგრარული უნ–ნი
260 _aთბილისი
260 _c1991
300 _a83 გვ. 19 სმ.
541 _h3ლ.
653 _aმანქანების რემონტი
942 _cBK
999 _c35287
_d35287